000 00739nam a2200217 ar4500
001 3690
005 20221127090807.0
008 140210s xxu a 00110 eng d
020 _a9780071629737(hpb) :
_cSR375.00
082 0 4 _a658.4013
_bJ974 2010
100 1 _aJuran, Joseph M.
245 1 0 _aJuran's quality handbook :
_bthe complete guide to performance excellence /
_cJ. Juran, Joseph De Feo.
250 _a6th ed.
260 _aNew York :
_bMcGraw-Hill,
_c2010.
300 _axxi, 1113 p. :
_bill. ;
_c24 cm.
504 _aIncludes bibl. references and index.
650 4 _aQuality control
_vHandbooks, manuals, etc.
650 4 _aProduct management.
650 4 _aTotal quality management.
700 0 _aDe Feo, Joseph A.,
_ejt. auth.
999 _c3688
_d3688